Normal view
MARC view
- Mills G Ed
Entry Personal Name
001 - CONTROL NUMBER
- control field: 106013
003 - CONTROL NUMBER IDENTIFIER
- control field: OSt
005 - DATE AND TIME OF LATEST TRANSACTION
- control field: 20221201112026.0
008 - FIXED-LENGTH DATA ELEMENTS
- fixed length control field: 221201|| aca||aabn | a|a d
040 ## - CATALOGING SOURCE
- Original cataloging agency: OSt
- Transcribing agency: OSt
100 ## - HEADING--PERSONAL NAME
- Personal name: Mills G Ed
670 ## - SOURCE DATA FOUND
- Source citation: Work cat.: (OSt)83577: Mills G Ed., Peter Cook: Lives In Architecture., 2021